History Quiz

Random History or State Quiz

2010 Senate Election Candidates Quiz Stats

Quiz not verified by Sporcle

Challenge
Share
Tweet
Embed
Score 0/75 Timer 10:00
0 Plays Today
State Candidate % Correct
CaliforniaBarbara Boxer
87.6%
NevadaHarry Reid
86%
DelawareChristine O'Donnell
85.3%
NevadaSharron Angle
82.9%
ArizonaJohn McCain
82.2%
AlaskaLisa Murkowski
81.4%
FloridaCharlie Crist
80.6%
KentuckyRand Paul
79.8%
FloridaMarco Rubio
77.5%
CaliforniaCarly Fiorina
76%
AlaskaJoe Miller
75.2%
DelawareChristopher Coons
71.3%
IllinoisMark Kirk
71.3%
ArkansasBlanche Lincoln
70.5%
New YorkCharles Schumer
70.5%
WisconsinRuss Feingold
69.8%
PennsylvaniaPat Toomey
67.4%
New YorkKirsten Gillibrand
67.4%
ConnecticutLinda McMahon
65.9%
ColoradoMichael Bennet
65.9%
LouisianaDavid Vitter
64.3%
WisconsinRon Johnson
64.3%
FloridaKendrick Meek
64.3%
PennsylvaniaJoe Sestak
62.8%
WashingtonPatty Murray
62%
HawaiiDaniel Inouye
60.5%
South CarolinaJim DeMint
60.5%
West VirginiaJoe Manchin
60.5%
ConnecticutRichard Blumenthal
59.7%
AlabamaRichard Shelby
56.6%
North CarolinaRichard Burr
56.6%
VermontPatrick Leahy
55.8%
WashingtonDino Rossi
55.8%
IowaCharles Grassley
55%
MarylandBarbara Mikulski
55%
OklahomaTom Coburn
53.5%
GeorgiaJohnny Isakson
52.7%
MissouriRoy Blunt
52.7%
State Candidate % Correct
OhioRob Portman
51.2%
South DakotaJohn Thune
51.2%
IdahoMichael Crapo
50.4%
New HampshireKelly Ayotte
50.4%
ColoradoKen Buck
50.4%
South CarolinaAlvin Greene
48.8%
AlaskaScott McAdams
47.3%
OregonRon Wyden
47.3%
KentuckyJack Conway
46.5%
MissouriRobin Carnahan
46.5%
North DakotaJohn Hoeven
45.7%
ArkansasJohn Boozman
43.4%
IllinoisAlexi Giannoulias
43.4%
UtahMike Lee
43.4%
IndianaDaniel Coats
41.9%
West VirginiaJohn Raese
41.1%
OhioLee Fisher
35.7%
New HampshirePaul Hodes
34.9%
IndianaBrad Ellsworth
34.1%
KansasJerry Moran
31.8%
North CarolinaElaine Marshall
31%
LouisianaCharlie Melancon
28.7%
New YorkJoseph DioGuardi
27.1%
GeorgiaMichael Thurmond
23.3%
ArizonaRodney Glassman
20.2%
IowaRoxanne Conlin
18.6%
North DakotaTracy Potter
18.6%
HawaiiCam Cavasso
15.5%
MarylandEric Wargotz
14.7%
New YorkJay Townsend
14.7%
AlabamaWilliam Barnes
14%
KansasLisa Johnston
12.4%
OregonJim Huffman
11.6%
UtahSam Granato
10.1%
OklahomaJim Rogers
9.3%
IdahoTom Sullivan
8.5%
VermontLen Britton
7.8%

You're not logged in!

Compare scores with friends on all Sporcle quizzes.
Join for Free
OR
Log In

You Might Also Like...

Show Comments

Extras

Top Quizzes Today


Score Distribution

Your Account Isn't Verified!

In order to create a playlist on Sporcle, you need to verify the email address you used during registration. Go to your Sporcle Settings to finish the process.

Report this User

Report this user for behavior that violates our Community Guidelines.

Details: